| 000 | 00588nam a22001937a 4500 | ||
|---|---|---|---|
| 999 |
_c171920 _d171920 |
||
| 005 | 20200123123139.0 | ||
| 010 | _aA-441439 | ||
| 020 |
_c80.00 _a- |
||
| 035 | _aA-441439 | ||
| 037 |
_bBPPD/Pub. _a- |
||
| 082 | _a921 | ||
| 100 | _aو ز ير آ غا | ||
| 245 |
_aشا م کی منڈ ير سے _cو ز ير آ غا |
||
| 246 |
_bShaam Ki Munder Se (Urdu) _aby Vazir Agha |
||
| 260 |
_aLahore _bMaktaba Fikr-o-Khyal _c1986 ء |
||
| 270 |
_a172,Satluj Block Iqbal Town, _bLahore _e- _k- _l- |
||
| 300 |
_a287 ص _c22 Cm(Hb) |
||
| 942 |
_2ddc _cUR _h921 _mو ز ی |
||